[Event "oibm_2008"]
[Site "Bad Wiessee"]
[Date "2008.11.03"]
[Round "3.12"]
[White "Stabolewski, Andreas"]
[Black "Lauber, Arnd"]
[Result "0-1"]
[WhiteElo "2277"]
[BlackElo "2497"]
[PlyCount "108"]
[EventDate "2008.??.??"]
[WhiteTeamCountry "ESP"]

1. Nf3 Nf6 2. c4 e6 3. Nc3 d5 4. d4 dxc4 5. e3 a6 6. Bxc4 b5 7. Bb3 Bb7 8. a4
b4 9. Ne2 c5 10. Nf4 Nc6 11. d5 exd5 12. Nxd5 Na5 13. Nxf6+ Qxf6 14. Bd5 Bxd5
15. Qxd5 Rd8 16. Qe4+ Be7 17. O-O O-O 18. Qg4 Nb3 19. Rb1 Qg6 20. Qxg6 hxg6 21.
Ne5 Rd5 22. Nc4 Rfd8 23. Re1 f5 24. Kf1 Bf6 25. h3 Kf7 26. Ke2 Rd3 27. Rg1 R3d7
28. g4 Ke6 29. f4 fxg4 30. hxg4 g5 31. f5+ Kf7 32. Rh1 Rd5 33. Nb6 R5d6 34. Nc4
R6d7 35. Nb6 Re7 36. Kf3 c4 37. Rh2 Rc7 38. Rc2 Na5 39. e4 Rd3+ 40. Be3 Nc6 41.
Rd2 Ne5+ 42. Ke2 Rxd2+ 43. Bxd2 Rc6 44. a5 c3 45. bxc3 bxc3 46. Bc1 Nxg4 47.
Nd5 Rc5 48. Rb7+ Kg8 49. Nc7 Rxa5 50. Rb8+ Kh7 51. Ne6 Ra2+ 52. Kf3 Nh2+ 53.
Kg3 Be5+ 54. Kh3 Bxb8 0-1

[Event "oibm_2008"]
[Site "Bad Wiessee"]
[Date "2008.11.03"]
[Round "3.13"]
[White "Hossain, Enamul"]
[Black "Nagel, Bernhard"]
[Result "1/2-1/2"]
[WhiteElo "2494"]
[BlackElo "2234"]
[PlyCount "129"]
[EventDate "2008.??.??"]
[WhiteTeamCountry "ESP"]

1. e4 e6 2. d3 d5 3. Nd2 Nf6 4. g3 Bc5 5. Bg2 dxe4 6. dxe4 e5 7. Ngf3 Nc6 8.
O-O Bg4 9. h3 Bxf3 10. Qxf3 Nd4 11. Qd1 b5 12. c3 Ne6 13. Qe2 c6 14. a4 a6 15.
Nf3 Qc7 16. b4 Bd6 17. c4 Bxb4 18. axb5 a5 19. Bb2 Nd7 20. bxc6 Qxc6 21. Nxe5
Nxe5 22. Bxe5 Rc8 23. Rac1 O-O 24. Ba1 Rfd8 25. e5 Qa6 26. Qg4 Rd2 27. Bd5 Bc5
28. Bc3 Ra2 29. Ra1 Rxa1 30. Rxa1 Qb6 31. Kg2 Re8 32. Rxa5 Bxf2 33. Qf3 Bc5 34.
Rb5 Qa7 35. Bxe6 fxe6 36. Qc6 Qf7 37. Qxc5 Rf8 38. Kh2 Qf3 39. Rb2 Qxc3 40. Rg2
Qd3 41. Qc6 Qf5 42. Re2 h5 43. Qe4 Qxe4 44. Rxe4 Rf2+ 45. Kg1 Rc2 46. g4 hxg4
47. hxg4 Kf7 48. Kf1 Ke7 49. Rd4 Ra2 50. Ke1 Ra5 51. Re4 Ra2 52. Kd1 g5 53. Rd4
Ra5 54. Kd2 Rxe5 55. Kc3 Re1 56. c5 e5 57. Rd5 Re3+ 58. Rd3 Re4 59. c6 Ra4 60.
Rd5 Ra6 61. Rxe5+ Kd6 62. Rxg5 Rxc6+ 63. Kd4 Ke7 64. Rf5 Rf6 65. Ke5 1/2-1/2

[Event "oibm_2008"]
[Site "Bad Wiessee"]
[Date "2008.11.03"]
[Round "3.14"]
[White "Krämer, Stefan"]
[Black "Farago, Ivan"]
[Result "1/2-1/2"]
[WhiteElo "2264"]
[BlackElo "2489"]
[PlyCount "84"]
[EventDate "2008.??.??"]
[WhiteTeamCountry "ESP"]

1. e4 c5 2. Nf3 e6 3. d4 cxd4 4. Nxd4 a6 5. Bd3 Nf6 6. O-O Qc7 7. c4 Bc5 8. Nb3
Be7 9. Nc3 d6 10. f4 O-O 11. Qf3 Nc6 12. Bd2 Nd7 13. Rae1 b6 14. Nd5 exd5 15.
exd5 Nce5 16. fxe5 Nxe5 17. Qg3 Re8 18. Kh1 Bf8 19. Nd4 Bd7 20. b3 g6 21. Bb1
Bg7 22. Nf3 b5 23. Rc1 bxc4 24. bxc4 Qc5 25. Ng5 f5 26. Qh4 h6 27. Nh3 Ng4 28.
Qg3 Re2 29. Bf4 Be5 30. Ng1 Bxf4 31. Rxf4 Re3 32. Rf3 Kf7 33. h3 Rxf3 34. Nxf3
Nf6 35. Nh4 Rg8 36. Re1 Qxc4 37. Qxd6 Re8 38. Rxe8 Bxe8 39. Nf3 Qxd5 40. Ne5+
Kg7 41. Qe7+ Bf7 42. Bd3 Qe6 1/2-1/2

[Event "oibm_2008"]
[Site "Bad Wiessee"]
[Date "2008.11.03"]
[Round "3.18"]
[White "Grant, Jonathan"]
[Black "Mainka, Romuald"]
[Result "0-1"]
[WhiteElo "2246"]
[BlackElo "2482"]
[PlyCount "80"]
[EventDate "2008.??.??"]
[WhiteTeamCountry "ESP"]

1. c4 e5 2. Nc3 Nf6 3. Nf3 Nc6 4. g3 d5 5. cxd5 Nxd5 6. Bg2 Nb6 7. O-O Be7 8.
d3 O-O 9. a3 Be6 10. b4 a5 11. b5 Nd4 12. Bb2 f6 13. Nd2 Qc8 14. e3 Nf5 15. Na4
Qd7 16. Nxb6 cxb6 17. a4 Qxd3 18. Bxb7 Rad8 19. Ne4 Qc4 20. Qc1 Qe2 21. Re1 Qg4
22. f3 Qg6 23. Qc6 Qf7 24. Qxb6 Bb4 25. Bxe5 Bxe1 26. Rxe1 Bd5 27. Bxd5 Qxd5
28. Bc7 Rd7 29. Rc1 Rc8 30. Rc5 Qa2 31. Bd6 Nxd6 32. Nxd6 Rcd8 33. Rc6 Qxa4 34.
Ne4 Qb4 35. Rc1 Qb3 36. Qc5 Rd5 37. Qc7 Qxe3+ 38. Kg2 h5 39. Qc4 Qd3 40. Qxd3
Rxd3 0-1

[Event "oibm_2008"]
[Site "Bad Wiessee"]
[Date "2008.11.03"]
[Round "3.19"]
[White "Krüger, Rainer"]
[Black "Meins, Gerlef"]
[Result "1/2-1/2"]
[WhiteElo "2216"]
[BlackElo "2460"]
[PlyCount "45"]
[EventDate "2008.??.??"]
[WhiteTeamCountry "ESP"]

1. d4 f5 2. Nf3 Nf6 3. g3 g6 4. Bg2 Bg7 5. O-O O-O 6. c4 d6 7. Nc3 Qe8 8. Nd5
Nxd5 9. cxd5 c6 10. Qb3 cxd5 11. Qxd5+ Kh8 12. Bd2 Nd7 13. Rfd1 Nf6 14. Qc4 Bd7
15. a4 b5 16. axb5 Bxb5 17. Qc7 Ne4 18. Ng5 Bxd4 19. Nxe4 Rc8 20. Nxd6 exd6 21.
Qxd6 Bxb2 22. Rxa7 Be5 23. Qb4 1/2-1/2

[Event "oibm_2008"]
[Site "Bad Wiessee"]
[Date "2008.11.03"]
[Round "3.20"]
[White "Haub, Thorsten Michael"]
[Black "Ehrke, Michael"]
[Result "1/2-1/2"]
[WhiteElo "2454"]
[BlackElo "2211"]
[PlyCount "120"]
[EventDate "2008.??.??"]
[WhiteTeamCountry "ESP"]

1. g3 d5 2. Bg2 Nf6 3. f4 Bf5 4. d3 e6 5. Nf3 h6 6. O-O Be7 7. h3 c5 8. c3 Nc6
9. Be3 O-O 10. Bf2 b5 11. Nbd2 c4 12. Ne5 Nxe5 13. fxe5 Nd7 14. dxc4 bxc4 15.
e4 dxe4 16. Nxc4 Nc5 17. Qe2 Qc7 18. Bxc5 Qxc5+ 19. Kh2 Rac8 20. b3 e3 21. Rad1
Rfd8 22. Rxd8+ Rxd8 23. Rd1 Rxd1 24. Qxd1 h5 25. h4 g5 26. hxg5 Bxg5 27. Qxh5
e2 28. Qxe2 Kg7 29. Be4 Bxe4 30. Qxe4 Qf2+ 31. Qg2 Qf5 32. Qe2 Qh7+ 33. Kg2 f5
34. Nd6 Qg6 35. Qf3 Be7 36. c4 Qg5 37. Qf4 Qh5 38. Qe3 Qg4 39. c5 Qd1 40. b4
Kg6 41. g4 Qd5+ 42. Qf3 Qxe5 43. gxf5+ exf5 44. Nc4 Qa1 45. Qe2 Bf6 46. Nd6 Be5
47. Nc4 Bd4 48. Qe6+ Kg7 49. Ne3 Bxe3 50. Qxe3 Qxa2+ 51. Kg3 Kg6 52. Qd4 Qc2
53. b5 Qb3+ 54. Kf4 Qxb5 55. Qd6+ Kf7 56. c6 Qf1+ 57. Kg5 Qg2+ 58. Kxf5 Qf3+
59. Ke5 Qg3+ 60. Kd5 Qd3+ 1/2-1/2

[Event "oibm_2008"]
[Site "Bad Wiessee"]
[Date "2008.11.03"]
[Round "3.21"]
[White "Keller, Manfred"]
[Black "Zude, Arno"]
[Result "0-1"]
[WhiteElo "2216"]
[BlackElo "2451"]
[PlyCount "50"]
[EventDate "2008.??.??"]
[WhiteTeamCountry "ESP"]

1. d4 Nf6 2. Nf3 e6 3. g3 d5 4. Bg2 Be7 5. O-O O-O 6. b3 a5 7. a3 c5 8. dxc5
Bxc5 9. Bb2 Nc6 10. Nbd2 Qe7 11. c4 d4 12. Qc2 e5 13. Ng5 Ba7 14. Rac1 Bg4 15.
Bf3 Bxf3 16. exf3 Bc5 17. Rfe1 h6 18. Nge4 Nxe4 19. Qxe4 Bxa3 20. Bxa3 Qxa3 21.
f4 exf4 22. Qxf4 Rfe8 23. c5 Rxe1+ 24. Rxe1 Qxc5 25. Nc4 Qb4 0-1

[Event "oibm_2008"]
[Site "Bad Wiessee"]
[Date "2008.11.03"]
[Round "3.22"]
[White "Morawietz, Dieter"]
[Black "Tennstedt, Andreas"]
[Result "1-0"]
[WhiteElo "2449"]
[BlackElo "2193"]
[PlyCount "83"]
[EventDate "2008.??.??"]
[WhiteTeamCountry "ESP"]

1. e4 c6 2. d4 d5 3. e5 Qb6 4. Be2 Bf5 5. Nf3 e6 6. O-O Nd7 7. c4 dxc4 8. Nbd2
Qc7 9. Nxc4 Nb6 10. Ne3 Ne7 11. Bd2 Nbd5 12. Rc1 Qd7 13. Qb3 Be4 14. Ng5 Nf4
15. Bc4 Bd5 16. Nxd5 Nfxd5 17. Nf3 Rc8 18. Rfe1 h6 19. h4 Rc7 20. Bd3 Nc8 21.
h5 Be7 22. Re4 b5 23. Rg4 Bf8 24. a4 b4 25. a5 Rb7 26. Be1 Nce7 27. Qc4 Rb5 28.
Nd2 f5 29. exf6 Nxf6 30. Rg3 Rxh5 31. Nf3 Rd5 32. Ne5 Rxe5 33. dxe5 Nfd5 34.
Be4 g5 35. Qe2 Nf4 36. Qc2 Bg7 37. Bxb4 Bxe5 38. Bxe7 Kxe7 39. Bxc6 Qc7 40. Re3
Qxa5 41. g3 Nh3+ 42. Kg2 1-0

[Event "oibm_2008"]
[Site "Bad Wiessee"]
[Date "2008.11.03"]
[Round "3.23"]
[White "Khmelniker, Ilya"]
[Black "Hornung, Hans"]
[Result "1-0"]
[WhiteElo "2443"]
[BlackElo "2189"]
[PlyCount "59"]
[EventDate "2008.??.??"]
[WhiteTeamCountry "ESP"]

1. d4 d6 2. c4 e5 3. Nf3 Nd7 4. Nc3 g6 5. e4 Bg7 6. Be2 c6 7. O-O Qe7 8. Bg5 f6
9. Bh4 Nh6 10. c5 dxc5 11. dxe5 Nf7 12. exf6 Bxf6 13. Bxf6 Qxf6 14. Nd2 O-O 15.
f4 Qd4+ 16. Kh1 Nf6 17. e5 Nd5 18. Nxd5 cxd5 19. Nb3 Qxd1 20. Raxd1 b6 21. Bf3
Ba6 22. Rfe1 d4 23. Bxa8 Rxa8 24. Nd2 Nh6 25. Ne4 Ng4 26. Rd2 Kg7 27. Kg1 Rf8
28. g3 Ne3 29. Rxe3 dxe3 30. Rd7+ 1-0

[Event "oibm_2008"]
[Site "Bad Wiessee"]
[Date "2008.11.03"]
[Round "3.24"]
[White "Kugelmann, Werner"]
[Black "Kaplan, Sasha"]
[Result "0-1"]
[WhiteElo "2214"]
[BlackElo "2425"]
[PlyCount "60"]
[EventDate "2008.??.??"]
[WhiteTeamCountry "ESP"]

1. e4 c5 2. Nf3 e6 3. d4 cxd4 4. Nxd4 a6 5. g3 Nf6 6. Bg2 Be7 7. O-O Qc7 8. Qe2
d6 9. Nc3 Nc6 10. Nxc6 bxc6 11. Re1 e5 12. h3 O-O 13. Be3 Be6 14. Rad1 Nd7 15.
g4 Rfb8 16. b3 Nf8 17. Qd2 Ng6 18. Na4 Nh4 19. Bh1 g6 20. Bg5 Rd8 21. Bxe7 Qxe7
22. c4 Kh8 23. Kh2 f5 24. exf5 gxf5 25. gxf5 Bxf5 26. Re3 Qf6 27. Bxc6 Bd7 28.
Bxa8 Rxa8 29. Rg3 Nf3+ 30. Rxf3 Qxf3 0-1

[Event "oibm_2008"]
[Site "Bad Wiessee"]
[Date "2008.11.03"]
[Round "3.26"]
[White "Jaeschke, Benno"]
[Black "Devereaux, Maxim"]
[Result "1/2-1/2"]
[WhiteElo "2187"]
[BlackElo "2415"]
[PlyCount "119"]
[EventDate "2008.??.??"]
[WhiteTeamCountry "ESP"]

1. d4 Nf6 2. c4 e6 3. Nf3 b6 4. Nc3 Bb4 5. Bg5 Bb7 6. e3 h6 7. Bh4 Bxc3+ 8.
bxc3 d6 9. Bd3 Nbd7 10. Qc2 Qe7 11. O-O g5 12. Bg3 Nh5 13. Be4 c6 14. Qa4 Nxg3
15. hxg3 b5 16. Qb3 Nf6 17. Bd3 bxc4 18. Bxc4 Rd8 19. Rab1 Ba8 20. Rb2 O-O 21.
Rfb1 Kg7 22. Qa3 Qc7 23. Ba6 Rb8 24. Rxb8 Rxb8 25. Rxb8 Qxb8 26. Nd2 Qb6 27.
Bf1 c5 28. Nc4 Qc7 29. Qa6 cxd4 30. cxd4 Ne4 31. f3 d5 32. fxe4 dxc4 33. Qxc4
Qxc4 34. Bxc4 Bxe4 35. g4 Kf6 36. Be2 Ke7 37. Bf3 Bb1 38. a3 e5 39. Bd5 f6 40.
Kf2 Kd6 41. Ba8 Bg6 42. Ke2 a5 43. Kf3 f5 44. gxf5 Bxf5 45. g4 Bg6 46. Be4 Be8
47. Kg3 exd4 48. exd4 h5 49. gxh5 Bxh5 50. Kf2 Bf7 51. Ke3 Bd5 52. Bf5 Ke7 53.
Bg4 Kf6 54. Kd3 Be6 55. Bf3 Kf5 56. d5 Bd7 57. Kd4 Kf4 58. Be2 a4 59. Bd1 g4
60. Bxg4 1/2-1/2

[Event "oibm_2008"]
[Site "Bad Wiessee"]
[Date "2008.11.03"]
[Round "3.29"]
[White "van den Bersselaar, Jeroen"]
[Black "Meister, Peter"]
[Result "0-1"]
[WhiteElo "2179"]
[BlackElo "2388"]
[PlyCount "78"]
[EventDate "2008.??.??"]
[WhiteTeamCountry "ESP"]

1. d4 d5 2. c4 dxc4 3. e3 e5 4. Bxc4 exd4 5. exd4 Nf6 6. Nf3 Bd6 7. O-O O-O 8.
h3 Nc6 9. Nc3 h6 10. Re1 a6 11. Ne5 Bxe5 12. dxe5 Qxd1 13. Nxd1 Re8 14. Bf4 Nh5
15. Bh2 g5 16. Nc3 Be6 17. Bxe6 fxe6 18. Ne4 Kf7 19. g4 Nf4 20. Bxf4 gxf4 21.
Kg2 Re7 22. Nc5 b6 23. Nd3 f3+ 24. Kg3 Rd8 25. Re3 Nd4 26. Ne1 c5 27. Re4 Kg7
28. Nxf3 Nxf3 29. Kxf3 Rf7+ 30. Ke3 Rfd7 31. Rb1 Rd3+ 32. Ke2 Rxh3 33. Rf4 Rd5
34. Re4 Rhd3 35. f4 a5 36. Re3 Rd2+ 37. Kf3 Rh2 38. a3 Rdd2 39. b4 Rh3+ 0-1

[Event "oibm_2008"]
[Site "Bad Wiessee"]
[Date "2008.11.03"]
[Round "3.30"]
[White "Solger, Bernhard"]
[Black "Kummerow, Heiko"]
[Result "0-1"]
[WhiteElo "2048"]
[BlackElo "2357"]
[PlyCount "40"]
[EventDate "2008.??.??"]
[WhiteTeamCountry "ESP"]

1. c4 g6 2. Nc3 Bg7 3. g3 d6 4. Bg2 Nc6 5. Nf3 Nf6 6. O-O O-O 7. d3 a6 8. Rb1
b5 9. cxb5 axb5 10. Nd4 Nxd4 11. Bxa8 c6 12. Be3 e5 13. Bxd4 exd4 14. Bxc6 dxc3
15. bxc3 Bh3 16. Re1 Qc8 17. Bxb5 Nd5 18. Qb3 Nxc3 19. Rbc1 Nxe2+ 20. Kh1 Nxc1
0-1

[Event "oibm_2008"]
[Site "Bad Wiessee"]
[Date "2008.11.03"]
[Round "3.33"]
[White "Hoffmann, Michael"]
[Black "Santl, Anton"]
[Result "1/2-1/2"]
[WhiteElo "2469"]
[BlackElo "2131"]
[PlyCount "61"]
[EventDate "2008.??.??"]
[WhiteTeamCountry "ESP"]

1. e4 c5 2. Nf3 Nc6 3. d4 cxd4 4. Nxd4 Nf6 5. Nc3 d6 6. Bg5 e6 7. Qd2 Be7 8.
O-O-O O-O 9. f4 Nxd4 10. Qxd4 Qa5 11. Kb1 e5 12. Qd2 Bg4 13. Nd5 Qd8 14. Nxe7+
Qxe7 15. Re1 exf4 16. Qxf4 Qe5 17. Qxe5 dxe5 18. Bxf6 gxf6 19. Re3 Rfd8 20. Bd3
Kf8 21. Rf1 Ke7 22. h3 Be6 23. Ref3 Rg8 24. Rxf6 Rxg2 25. Rh6 Rag8 26. b3 R8g7
27. Kb2 R2g6 28. Rh5 Rg5 29. Rh6 R5g6 30. Rh5 Rg5 31. Rh6 1/2-1/2

[Event "oibm_2008"]
[Site "Bad Wiessee"]
[Date "2008.11.03"]
[Round "3.36"]
[White "Mentel, Jürgen"]
[Black "König, Dietrich"]
[Result "0-1"]
[WhiteElo "2117"]
[BlackElo "2353"]
[PlyCount "104"]
[EventDate "2008.??.??"]
[WhiteTeamCountry "ESP"]

1. e4 d5 2. exd5 Qxd5 3. Nc3 Qa5 4. d4 c6 5. Bc4 Bf5 6. Bd2 Nf6 7. Qe2 Qc7 8.
Nf3 e6 9. Bg5 Nbd7 10. Nh4 Bg6 11. h3 Bd6 12. Nxg6 hxg6 13. Ne4 Bf4 14. Bxf4
Qxf4 15. Bd3 Rh4 16. Nxf6+ Qxf6 17. c3 O-O-O 18. g3 Rh6 19. Be4 Qg5 20. h4 Qa5
21. Qc4 Nb6 22. Qb3 Rxd4 23. Qc2 Rd6 24. a4 g5 25. hxg5 Rxh1+ 26. Bxh1 Qxg5 27.
Bf3 a5 28. Ke2 Kc7 29. b3 Nd7 30. Rh1 Nf6 31. Rh4 e5 32. b4 axb4 33. cxb4 Rd4
34. Rxd4 exd4 35. Qc4 Qe5+ 36. Kf1 Nd7 37. Qxf7 Qf6 38. Qb3 Ne5 39. Be2 Qh6 40.
Bf3 Qc1+ 41. Kg2 Qc3 42. Qxc3 dxc3 43. Be4 Nc4 44. f4 c2 45. Bxc2 Ne3+ 46. Kf3
Nxc2 47. g4 Nxb4 48. Ke4 Kd6 49. Kf5 Nd5 50. Kg5 c5 51. f5 c4 52. Kg6 c3 0-1

[Event "oibm_2008"]
[Site "Bad Wiessee"]
[Date "2008.11.03"]
[Round "3.39"]
[White "Eisfeld, Klaus"]
[Black "Wagner, Florian"]
[Result "0-1"]
[WhiteElo "2097"]
[BlackElo "2311"]
[PlyCount "74"]
[EventDate "2008.??.??"]
[WhiteTeamCountry "ESP"]

1. c4 g6 2. g3 Bg7 3. Bg2 c5 4. Nc3 Nc6 5. e3 e5 6. Nge2 Nge7 7. O-O O-O 8. d3
Rb8 9. e4 d6 10. Nd5 a6 11. Nxe7+ Qxe7 12. Nc3 b5 13. Nd5 Qd8 14. b3 f5 15. Rb1
Nd4 16. Be3 f4 17. gxf4 exf4 18. Bxf4 Rxf4 19. Nxf4 Qg5 20. Ne2 Bg4 21. f3
Nxf3+ 22. Bxf3 Bxf3+ 23. Kf2 Qg2+ 24. Ke1 Bc3+ 25. Nxc3 Bxd1 26. Rxd1 Qxh2 27.
Rf2 Qe5 28. Ke2 b4 29. Nd5 Rf8 30. Rxf8+ Kxf8 31. Rf1+ Kg7 32. Rf2 h5 33. Nf4
Kh6 34. Ke3 Qd4+ 35. Ke2 h4 36. Rg2 g5 37. Nh3 Qb2+ 0-1

[Event "oibm_2008"]
[Site "Bad Wiessee"]
[Date "2008.11.03"]
[Round "3.40"]
[White "Graf, Felix"]
[Black "Körber, Thomas"]
[Result "1-0"]
[WhiteElo "2287"]
[BlackElo "2087"]
[PlyCount "67"]
[EventDate "2008.??.??"]
[WhiteTeamCountry "ESP"]

1. d4 f5 2. Nc3 Nf6 3. Bg5 d5 4. e3 e6 5. Nf3 Nbd7 6. Ne2 Be7 7. Nf4 Nb6 8. Ne5
O-O 9. Bd3 Ne4 10. Bxe7 Qxe7 11. Bxe4 fxe4 12. O-O Nd7 13. Nxd7 Bxd7 14. f3
exf3 15. Rxf3 Be8 16. c4 dxc4 17. Rh3 b5 18. Qc2 g6 19. Qe4 Bd7 20. Rg3 Qf7 21.
Rg5 Rae8 22. h4 e5 23. Rxe5 Bf5 24. Qd5 Qxd5 25. Nxd5 Rxe5 26. dxe5 Rf7 27. e4
Bc8 28. Rd1 Kf8 29. Nf6 Ke7 30. Rd5 a6 31. Kf2 Bb7 32. Rd1 Ke6 33. Ke3 Kxe5 34.
Nd7+ 1-0

[Event "oibm_2008"]
[Site "Bad Wiessee"]
[Date "2008.11.04"]
[Round "4.9"]
[White "Kaplan, Sasha"]
[Black "Schneider, Ilja"]
[Result "0-1"]
[WhiteElo "2425"]
[BlackElo "2486"]
[PlyCount "84"]
[EventDate "2008.??.??"]
[WhiteTeamCountry "ESP"]

1. e4 Nc6 2. Nf3 f5 3. exf5 d5 4. d4 Bxf5 5. Bd3 Bg4 6. h3 Bxf3 7. Qxf3 Nf6 8.
Bb5 e6 9. Qe2 Qd7 10. Nd2 Bd6 11. Nf3 O-O 12. O-O Rae8 13. c4 Nh5 14. c5 Bf4
15. Be3 a6 16. Ba4 e5 17. Nxe5 Nxd4 18. Qd1 Ne2+ 19. Qxe2 Qxa4 20. Qxh5 Bxe5
21. b3 Qe4 22. Rae1 g6 23. Qg4 Bc3 24. Rd1 c6 25. Bd2 Bxd2 26. Qxe4 Rxe4 27.
Rxd2 Rfe8 28. Rfd1 Re1+ 29. Rxe1 Rxe1+ 30. Kh2 Rc1 31. b4 Rb1 32. a3 Rb3 33.
Ra2 Kf7 34. f4 Kf6 35. g3 Kf5 36. Kg2 Ke4 37. Kf2 Rf3+ 38. Kg2 d4 39. Re2+ Re3
40. Kf2 Rxe2+ 41. Kxe2 h5 42. a4 h4 0-1

[Event "oibm_2008"]
[Site "Bad Wiessee"]
[Date "2008.11.04"]
[Round "4.12"]
[White "Kempter, Ronald"]
[Black "Andersson, Ulf"]
[Result "0-1"]
[WhiteElo "2279"]
[BlackElo "2562"]
[PlyCount "78"]
[EventDate "2008.??.??"]
[WhiteTeamCountry "ESP"]

1. Nf3 c5 2. c4 Nf6 3. g3 d5 4. cxd5 Nxd5 5. Nc3 Nc6 6. Nxd5 Qxd5 7. Bg2 e5 8.
d3 Be7 9. O-O Bd7 10. Be3 Qe6 11. Ng5 Bxg5 12. Bxg5 O-O 13. Be3 b6 14. Qc1 Rac8
15. b3 Nd4 16. Qb2 Qd6 17. Rac1 Bg4 18. Bxd4 exd4 19. h3 Be6 20. a3 a5 21. Kh2
h6 22. Rfe1 Rfe8 23. Rcd1 Rcd8 24. Bf3 Re7 25. Rb1 Rc8 26. Rec1 Qd7 27. b4 axb4
28. axb4 Bxh3 29. bxc5 bxc5 30. Qa3 Qf5 31. Rb5 Re5 32. Rcb1 Bg4 33. Kg2 Rxe2
34. Bxe2 Bxe2 35. Rb8 Bf3+ 36. Kf1 Kh7 37. R1b2 Qh3+ 38. Ke1 Qh1+ 39. Kd2 Qd1#
0-1

[Event "oibm_2008"]
[Site "Bad Wiessee"]
[Date "2008.11.04"]
[Round "4.13"]
[White "Prusikin, Michael"]
[Black "Graf, Felix"]
[Result "1-0"]
[WhiteElo "2538"]
[BlackElo "2287"]
[PlyCount "61"]
[EventDate "2008.??.??"]
[WhiteTeamCountry "ESP"]

1. d4 e6 2. c4 Bb4+ 3. Nd2 d5 4. Qa4+ Nc6 5. Ngf3 Bd7 6. Qc2 Nf6 7. a3 Bd6 8.
c5 Be7 9. b4 b5 10. e3 O-O 11. Rb1 a6 12. Bd3 Re8 13. O-O Bf8 14. Bb2 g6 15. h3
Bg7 16. Ne5 Re7 17. Nb3 Qe8 18. f3 h5 19. g4 Bh6 20. f4 hxg4 21. hxg4 Ne4 22.
g5 Bg7 23. Bxe4 Nxe5 24. fxe5 dxe4 25. Rf6 Bc6 26. Qh2 Bd5 27. Na5 c6 28. Kg2
Rc7 29. Rh1 Qc8 30. Qh7+ Kf8 31. Rhf1 1-0

[Event "oibm_2008"]
[Site "Bad Wiessee"]
[Date "2008.11.04"]
[Round "4.14"]
[White "Teske, Henrik"]
[Black "Krämer, Stefan"]
[Result "1-0"]
[WhiteElo "2513"]
[BlackElo "2264"]
[PlyCount "77"]
[EventDate "2008.??.??"]
[WhiteTeamCountry "ESP"]

1. e4 e6 2. d4 d5 3. Nd2 Nf6 4. e5 Nfd7 5. c3 c5 6. Bd3 Nc6 7. Ne2 cxd4 8. cxd4
f6 9. Nf4 Nxd4 10. Qh5+ Ke7 11. Ng6+ hxg6 12. exf6+ Nxf6 13. Qxh8 Kf7 14. O-O
e5 15. Nb3 Nf5 16. Bxf5 Bxf5 17. Qh4 Qb6 18. Bg5 Ne4 19. Rad1 d4 20. Rfe1 Nxg5
21. Qxg5 Be7 22. Qg3 Bd6 23. Rxe5 Re8 24. Rxf5+ gxf5 25. Qd3 Re5 26. g3 Rd5 27.
Qf3 Re5 28. Rxd4 Qb5 29. Kg2 Be7 30. h4 Bf6 31. a4 Qa6 32. Rd7+ Kg8 33. Rxb7
Qxa4 34. Rb8+ Kf7 35. Nd2 g6 36. b3 Qd4 37. Nc4 Re7 38. h5 Qe4 39. Nd6+ 1-0

[Event "oibm_2008"]
[Site "Bad Wiessee"]
[Date "2008.11.04"]
[Round "4.15"]
[White "Schultz, Andreas"]
[Black "Jaracz, Pawel"]
[Result "0-1"]
[WhiteElo "2257"]
[BlackElo "2513"]
[PlyCount "82"]
[EventDate "2008.??.??"]
[WhiteTeamCountry "ESP"]

1. d4 Nf6 2. c4 e6 3. Nc3 Bb4 4. e3 O-O 5. Nge2 Re8 6. a3 Bf8 7. Ng3 d5 8. c5
e5 9. Be2 e4 10. b4 g6 11. Bd2 h5 12. h3 c6 13. Qb3 b6 14. cxb6 axb6 15. O-O
Be6 16. f4 exf3 17. Bxf3 Ne4 18. Bxe4 dxe4 19. Qc2 f5 20. Nge2 Nd7 21. Rfd1 Bf7
22. Be1 Bh6 23. Nf4 Nf6 24. Bg3 h4 25. Bh2 g5 26. Nfe2 Kh7 27. Kh1 Bg6 28. b5
cxb5 29. Be5 Nd7 30. Bh2 Rf8 31. Rf1 Nf6 32. Be5 Nh5 33. Nxb5 Rc8 34. Qb2 f4
35. Nd6 Rc6 36. Qb4 Rc2 37. Nc3 Ng3+ 38. Kh2 Nxf1+ 39. Rxf1 fxe3 40. Qb3 Rxc3
41. Rxf8 Bxf8 0-1

[Event "oibm_2008"]
[Site "Bad Wiessee"]
[Date "2008.11.04"]
[Round "4.16"]
[White "Raykhman, Alexander"]
[Black "Hossain, Enamul"]
[Result "0-1"]
[WhiteElo "2262"]
[BlackElo "2494"]
[PlyCount "64"]
[EventDate "2008.??.??"]
[WhiteTeamCountry "ESP"]

1. e4 c5 2. Nf3 e6 3. d4 cxd4 4. Nxd4 a6 5. Bd3 Nf6 6. O-O Qc7 7. Qe2 d6 8. c4
g6 9. Nc3 Bg7 10. Rd1 O-O 11. Nf3 Nc6 12. h3 Nd7 13. Be3 Nde5 14. Rac1 Bd7 15.
Nxe5 dxe5 16. Nd5 Qd8 17. Nb6 Rb8 18. c5 Nd4 19. Bxd4 exd4 20. e5 Qc7 21. Nxd7
Qxd7 22. b4 f6 23. exf6 Rxf6 24. Bc4 Kh8 25. Qe5 Rd8 26. Qe4 e5 27. Re1 d3 28.
Rcd1 Rf4 29. Qxf4 exf4 30. Rxd3 Qc7 31. Rxd8+ Qxd8 32. Bf7 Bf8 0-1

[Event "oibm_2008"]
[Site "Bad Wiessee"]
[Date "2008.11.04"]
[Round "4.19"]
[White "Nagel, Bernhard"]
[Black "Haub, Thorsten Michael"]
[Result "0-1"]
[WhiteElo "2234"]
[BlackElo "2454"]
[PlyCount "100"]
[EventDate "2008.??.??"]
[WhiteTeamCountry "ESP"]

1. d4 g6 2. c4 Bg7 3. Nc3 d6 4. e4 a6 5. Nf3 e6 6. Be2 Nd7 7. Be3 Ne7 8. h4 h6
9. Qd2 b6 10. h5 g5 11. d5 Nc5 12. Nd4 e5 13. Nc2 f5 14. f3 a5 15. g4 fxg4 16.
fxg4 Ng8 17. Bxc5 bxc5 18. Ne3 Nf6 19. O-O-O O-O 20. Rdf1 Bd7 21. Nf5 Ne8 22.
Ne3 Rf4 23. Ng2 a4 24. a3 Qe7 25. Qc2 Nf6 26. Nxf4 exf4 27. Rhg1 Ne8 28. Bd1
Be5 29. Re1 Nf6 30. Bf3 Qe8 31. Rg2 Qc8 32. Qe2 Rb8 33. Rd1 Rb3 34. Rd3 Qa6 35.
Rd2 Bxc3 36. bxc3 Rxc3+ 37. Rc2 Re3 38. Qf1 Be8 39. e5 dxe5 40. Rge2 Rxa3 41.
Kb1 Rb3+ 42. Ka1 Qa5 43. Rxe5 Qb4 44. Ree2 Ra3+ 45. Ra2 Qc3+ 46. Reb2 Qxf3 47.
Qe1 Re3 48. Qa5 Qd1+ 49. Rb1 Qd4+ 50. Rbb2 f3 0-1

[Event "oibm_2008"]
[Site "Bad Wiessee"]
[Date "2008.11.04"]
[Round "4.21"]
[White "Ehrke, Michael"]
[Black "Reutsky, Sergei"]
[Result "1/2-1/2"]
[WhiteElo "2211"]
[BlackElo "2411"]
[PlyCount "62"]
[EventDate "2008.??.??"]
[WhiteTeamCountry "ESP"]

1. d4 f5 2. Nf3 Nf6 3. Bf4 g6 4. e3 Bg7 5. h3 O-O 6. Be2 e6 7. O-O d6 8. c4 Ne4
9. Nbd2 Nd7 10. Rc1 e5 11. Bh2 Nxd2 12. Qxd2 e4 13. Ne1 Nf6 14. Nc2 Be6 15. d5
Bf7 16. Nd4 Qe7 17. b4 Nd7 18. Nb5 Ne5 19. c5 a6 20. cxd6 cxd6 21. Nd4 Rfc8 22.
Rfd1 Bf6 23. Nb3 Qd7 24. Na5 b5 25. a3 Rxc1 26. Rxc1 Rc8 27. Rxc8+ Qxc8 28.
Bxe5 Bxe5 29. Nc6 Bf6 30. Bd1 Kg7 31. Bb3 g5 1/2-1/2

[Event "oibm_2008"]
[Site "Bad Wiessee"]
[Date "2008.11.04"]
[Round "4.22"]
[White "Weber, Ulrich"]
[Black "Tillmann, Markus"]
[Result "1-0"]
[WhiteElo "2411"]
[BlackElo "2190"]
[PlyCount "53"]
[EventDate "2008.??.??"]
[WhiteTeamCountry "ESP"]

1. Nf3 Nf6 2. g3 b6 3. Bg2 Bb7 4. c4 e6 5. O-O Be7 6. Nc3 O-O 7. Re1 d5 8. cxd5
exd5 9. d4 Re8 10. Bf4 a6 11. Ne5 Nc6 12. Rc1 Na5 13. Qa4 c6 14. Qd1 Bd6 15. e4
Bf8 16. Bg5 h6 17. Bxf6 gxf6 18. Ng4 Bg7 19. Ne3 Nc4 20. Nf5 Bf8 21. Qg4+ Kh7
22. exd5 Rxe1+ 23. Rxe1 cxd5 24. Re7 Nd6 25. Nxd5 Bxd5 26. Bxd5 Nxf5 27. Qxf5+
1-0

[Event "oibm_2008"]
[Site "Bad Wiessee"]
[Date "2008.11.04"]
[Round "4.23"]
[White "König, Dietrich"]
[Black "Jaeschke, Benno"]
[Result "1/2-1/2"]
[WhiteElo "2353"]
[BlackElo "2187"]
[PlyCount "55"]
[EventDate "2008.??.??"]
[WhiteTeamCountry "ESP"]

1. d4 Nf6 2. Nf3 e6 3. c4 b6 4. e3 Bb7 5. Bd3 d5 6. cxd5 exd5 7. Nc3 Bd6 8. O-O
O-O 9. b3 Re8 10. Bb2 a6 11. Rc1 Nbd7 12. Ne2 Ne4 13. Ng3 Nxg3 14. hxg3 Qf6 15.
Nh4 g6 16. Rc2 Qg5 17. Nf3 Qh6 18. Qc1 Rac8 19. Rd1 Nf6 20. Ba3 Bxa3 21. Qxa3
Ng4 22. b4 c6 23. Qc1 Re6 24. Re1 Rce8 25. Rce2 f5 26. a4 Rf8 27. Rc2 g5 28. b5
1/2-1/2

[Event "oibm_2008"]
[Site "Bad Wiessee"]
[Date "2008.11.04"]
[Round "4.24"]
[White "Arnaudov, Petar G"]
[Black "Kaeding, Rainer"]
[Result "1/2-1/2"]
[WhiteElo "2344"]
[BlackElo "2184"]
[PlyCount "31"]
[EventDate "2008.??.??"]
[WhiteTeamCountry "ESP"]

1. d4 d5 2. c4 e6 3. Nf3 c6 4. Qc2 dxc4 5. Qxc4 b5 6. Qc2 Bb7 7. Bg5 Nf6 8. Nc3
a6 9. e4 h6 10. Bh4 g5 11. Bg3 g4 12. Nd2 Qxd4 13. O-O-O Qb6 14. Bh4 Be7 15. e5
Nd5 16. Bxe7 1/2-1/2